000
00294nam a2200121Ia 4500
008
231106s2020 xx 000 0 und d
041
_a
eng
082
_a
751.42
100
_a
MATTHEW PALMER
245
_a
DRAWING PORTRAITS: FACES AND FIGURES
260
_b
SEARCH PRESS
_c
2020
300
_a
P-128
999
_c
920147
_d
920147